| 000 | 00789nam a2200241 a 4500 | ||
|---|---|---|---|
| 005 | 20140311163021.0 | ||
| 008 | 121030s19uu xx 00 eng d | ||
| 020 | _a0324070659 | ||
| 050 |
_aPE 1408 _b.G923 2002 |
||
| 100 | _aGuffey, Mary Ellen | ||
| 245 |
_aEssentials of college English / _cMary Ellen Guffey, Carolyn M. Seefer ; edited by Elizabeth T. Tice. |
||
| 250 | _a2nd ed | ||
| 260 |
_aCincinnati, Ohio : _bSouth-Western, _c2002. |
||
| 300 |
_a193 p. : _c25 cm. |
||
| 500 | _aIncludes index | ||
| 650 |
_aEnglish language _xRhetoric |
||
| 650 |
_aEnglish language _xGrammar _xProblems, exercises, etc |
||
| 650 |
_aReport writing _xProblems, exercises, etc. |
||
| 700 | _aSeefer, Carolyn M. | ||
| 700 | _aTice, Elizabeth T. | ||
| 942 |
_cBK _2lcc _kFOR |
||
| 999 |
_c39476 _d39476 |
||